U.S. Geography - Tile Select #4 - Statistics

General Stats
  • This quiz has been taken 20 times
  • The average score is 42 of 58
Answer Stats
Question Tile Select % Correct
States over 100K square miles. Texas Yes
100%
State shapes on the Atlantic No
94%
Cities on the Pacific Ocean Bend No
94%
Cities on the Great Lakes Chicago Yes
94%
Cities on the Great Lakes Indianapolis No
94%
Cities on the Pacific Ocean Reno No
94%
Cities on the Pacific Ocean San Diego Yes
94%
Cities on the Pacific Ocean San Francisco Yes
94%
State shapes on the Atlantic Yes
88%
State shapes on the Atlantic Yes
88%
State shapes on the Atlantic No
88%
State shapes on the Atlantic No
88%
State shapes on the Atlantic Yes
88%
Cities on the Pacific Ocean Honolulu Yes
88%
Cities on the Great Lakes Lake Placid No
88%
Cities on the Pacific Ocean Las Vegas No
88%
Cities on the Great Lakes Madison No
88%
Cities on the Pacific Ocean Spokane No
88%
Flags of states in the Mountain Time Zone* No
82%
Flags of states in the Mountain Time Zone* No
82%
Cities on the Great Lakes Buffalo Yes
82%
Cities on the Pacific Ocean Fresno No
82%
Cities on the Great Lakes Minneapolis No
82%
States over 100K square miles. Montana Yes
82%
States over 100K square miles. Nebraska No
82%
States over 100K square miles. New Mexico Yes
82%
State shapes on the Atlantic Yes
76%
States over 100K square miles. Arizona Yes
76%
Cities on the Great Lakes Cleveland Yes
76%
States over 100K square miles. Idaho No
76%
States over 100K square miles. Kansas No
76%
Cities on the Pacific Ocean Long Beach Yes
76%
Cities on the Pacific Ocean Sacramento No
76%
Cities on the Pacific Ocean Seattle Yes
76%
Flags of states in the Mountain Time Zone* Yes
71%
Flags of states in the Mountain Time Zone* No
71%
Cities on the Pacific Ocean Fairbanks No
71%
States over 100K square miles. Utah No
71%
State shapes on the Atlantic No
65%
Cities on the Pacific Ocean Anchorage Yes
65%
Cities on the Great Lakes Columbus No
65%
Cities on the Great Lakes Duluth Yes
65%
Cities on the Great Lakes Milwaukee Yes
65%
Cities on the Pacific Ocean Oakland Yes
65%
States over 100K square miles. Oregon No
65%
Flags of states in the Mountain Time Zone* Yes
59%
Flags of states in the Mountain Time Zone* No
59%
States over 100K square miles. Colorado Yes
59%
States over 100K square miles. Nevada Yes
59%
Flags of states in the Mountain Time Zone* Yes
53%
Cities on the Great Lakes Rochester No
53%
Flags of states in the Mountain Time Zone* No
47%
Cities on the Great Lakes Grand Rapids No
47%
Flags of states in the Mountain Time Zone* Yes
35%
State shapes on the Atlantic Yes
29%
Cities on the Pacific Ocean Santa Ana Yes
29%
States over 100K square miles. Wyoming No
29%
Cities on the Pacific Ocean Tacoma Yes
24%
No matching quizzes found
Score Distribution
Percent of People with Each Score
Percentile by Number Answered
Your Score History
You have not taken this quiz